|
|
|
|
| LEADER |
01077nam a2200265 a 4500 |
| 001 |
1126716 |
| 008 |
090621r20011991ii a 001 0 eng d |
| 010 |
|
|
|a 91908169
|
| 020 |
|
|
|a 8190017101
|
| 040 |
|
|
|a ORE
|c ORE
|d AGL
|
| 082 |
0 |
4 |
|a 635.9523
|2 21
|
| 245 |
0 |
0 |
|a Tropical garden plants in colour :
|b a guide to tropical ornamental plants for garden and home with more than 1660 colour illustrations /
|c edited by T.K. Bose, B. Chowdhury, S.P. Sharma.
|
| 260 |
|
|
|a Calcutta :
|b Horticulture and Allied Publishers,
|c 1991.[Reprinted 2001]
|
| 300 |
|
|
|a 452, v p. :
|b col. ill. ;
|c 28 cm.
|
| 504 |
|
|
|a Includes index.
|
| 541 |
1 |
|
|e 00015175
|
| 650 |
|
0 |
|a Tropical plants.
|
| 650 |
|
0 |
|a Plants, ornamental.
|
| 650 |
|
0 |
|a Gardening.
|
| 700 |
1 |
0 |
|a Bose, T. K.
|
| 700 |
1 |
0 |
|a Chowdhury, B.
|
| 700 |
1 |
0 |
|a Sharma, S.P.
|
| 852 |
4 |
|
|a Ayesha Abed Library
|j General shelf
|
| 999 |
|
|
|c 1518
|d 1518
|
| 952 |
|
|
|0 0
|1 0
|2 ddc
|4 0
|6 635_952300000000000_TRO_2001
|7 0
|9 1394
|a BRACUL
|b BRACUL
|c GEN
|d 2009-06-28
|l 3
|m 28
|o 635.9523 TRO
|p 3010015175
|r 2018-07-08
|s 2018-05-13
|t 1
|w 2009-06-28
|y BK
|